00542nam a2200169 i 4500001000300000100002400003245007100027260002100098700002500119040000800144041000800152942000700160008004100167999001700208856009800225952004900323bg1 aPACZYŃSKI, Bohdan 0aGranice wszechświata /cBohdan Paczyński, Bożena Muchotrzeb. aWarszawa,c1981.1 aMUCHOTRZEB, Bożena cBPK apol cKS s pl f |000 0 pol  c21647d21647 uhttp://koha.tu.koszalin.pl/cgi-bin/koha/opac-detail.pl?biblionumber=21647yKatalog online BPK 00104070aBPKbBPKcwo30449p01095784yKS